000 00433nab a2200145Ia 4500
003 ES-SlBCS
005 20210601125305.0
008 140529s2000 xxu||||| |||| 00| 0 eng d
041 _aeng
100 1 _aCargile, James
_9156375
245 0 0 _aSkepticism and Possibilities
_c James Cargile
650 0 4 _aEscepticismo
_9117291
773 0 _tPhilosophy and Phenomenological Research
_gvol. 61, 2000, págs. 157-171
_wRev1411
942 _cAR
999 _c527924
_d527924